The Off-Season Tracklist (J. Cole) - Statistics

General Stats
  • This quiz has been taken 46 times
  • The average score is 9 of 12
Answer Stats
Hint Answer % Correct
7 (ft Lil Baby) p r i d e . i s . t h e . d e v i l
94%
3 (ft 21 Savage, Morray) m y . l i f e
91%
2 a m a r i
86%
1 9 5 . s o u t h
83%
8 (ft Bas, 6LACK) l e t . g o . m y . h a n d
80%
9 i n t e r l u d e
71%
6 (ft Bas) 1 0 0 . m i l '
66%
12 (ft Bas) h u n g e r . o n . h i l l s i d e
66%
4 a p p l y i n g . p r e s s u r e
63%
5 p u n c h i n ' . t h e . c l o c k
60%
11 c l o s e
57%
10 t h e . c l i m b . b a c k
51%
No matching quizzes found
Score Distribution
Percent of People with Each Score
Percentile by Number Answered
Your Score History
You have not taken this quiz